Nie sme vždy racionálni. Pre rovnomerný odber energie
O problematike dodávok, merania a evidovania dodávok tepla. Optimalizačné zariadenie na rovnomerný odber energie od firmy Mensch und Technik zavedené v Pezinku. Čo musí obsahovať vyúčtovanie dodávok tepla. Príprava novej vyhlášky o vyúčtovaní tepla a teplej vody.
Gespeichert in:
| 1. Verfasser: | |
|---|---|
| Weitere Verfasser: | |
| Format: | Buchkapitel |
| Sprache: | Slowakisch |
| Schlagworte: | |
| Tags: |
Keine Tags, Fügen Sie das erste Tag hinzu!
|
MARC
| LEADER | 00000naa a2200000 4500 | ||
|---|---|---|---|
| 001 | r020898 | ||
| 005 | 20230801103232.3 | ||
| 041 | 0 | |a slo | |
| 044 | |a SK | ||
| 245 | 1 | 0 | |a Nie sme vždy racionálni. Pre rovnomerný odber energie |c A. Melichárková, Ján Dohňanský |
| 520 | |a O problematike dodávok, merania a evidovania dodávok tepla. Optimalizačné zariadenie na rovnomerný odber energie od firmy Mensch und Technik zavedené v Pezinku. Čo musí obsahovať vyúčtovanie dodávok tepla. Príprava novej vyhlášky o vyúčtovaní tepla a teplej vody. | ||
| 610 | 2 | 0 | |a Slovensko |
| 610 | 2 | 0 | |a energetika |
| 610 | 2 | 0 | |a teplo |
| 610 | 2 | 0 | |a dodávky |
| 610 | 2 | 0 | |a evidencia |
| 100 | 1 | |a Melichárková, A. | |
| 700 | 1 | |a Dohňanský, Ján | |